| 000 | 00778nam a22002657a 4500 | ||
|---|---|---|---|
| 008 | 130612b xxu||||| |||| 00| 0 eng d | ||
| 020 | _a978-81-313-0440-2 | ||
| 024 | _cAvailable | ||
| 037 | _cAvailable | ||
| 040 |
_aMBSTU LIBRARY _dMBSTU LIBRARY |
||
| 082 |
_222 _a590 JOB |
||
| 100 | _aJoshi, B.D. | ||
| 110 | _aC.P.M. Tripathi and P.C. Joshi. | ||
| 245 | _aBiodiversity and environmental management. | ||
| 260 |
_aNew Delhi _bAPH Publishing House. _c2009 |
||
| 300 |
_a23 cm. _bviii, 176 page. _f5 _g23 cm. |
||
| 600 | _2Zoology. | ||
| 650 | _2Zoology. | ||
| 700 | _aJoshi, B.D. | ||
| 710 | _aC.P.M. Tripathi and P.C. Joshi. | ||
| 270 |
_aNew Delhi _bNew Delhi _dIndia |
||
| 365 |
_b899.00 _d899.00 |
||
| 942 |
_2ddc _cBK |
||
| 999 |
_c458 _d458 |
||